Online Catalogue and eLibrary

Identity, Hegeminy, Resistance : (Record no. 5680)

MARC details
000 -LEADER
fixed length control field 00476nam a2200169Ia 4500
005 - DATE AND TIME OF LATEST TRANSACTION
control field 20250124045132.0
008 - FIXED-LENGTH DATA ELEMENTS--GENERAL INFORMATION
fixed length control field 240331s9999 xx 000 0 und d
020 ## - INTERNATIONAL STANDARD BOOK NUMBER
ISBN 8188789046
082 ## - DDC Classification
Item Number - Author Mark PAT
Class No. 914.5
100 ## - MAIN ENTRY--PERSONAL NAME
Personal name Pati,B
245 #0 - TITLE STATEMENT
Title Identity, Hegeminy, Resistance :
Remainder of title Towards a Social history of Conversions in Orissa, 1800-2000
260 ## - PUBLICATION, DISTRIBUTION, ETC.
Place of publication, distribution, etc. New Delhi
Name of publisher, distributor, etc. Three Essays Collective
Date of publication, distribution, etc. 2003
300 ## - PHYSICAL DESCRIPTION
Extent (e.g. Volumes, Pages etc.) xvii, 57 p .,
650 ## - SUBJECT ADDED ENTRY--TOPICAL TERM
Topical term or geographic name entry element Social
650 ## - SUBJECT ADDED ENTRY--TOPICAL TERM
Topical term or geographic name entry element History
942 ## - Koha item type (Biblio)
Koha item type Books in Stacks (Lending)
Holdings
Lost status Damaged status Collection code Home library Current library Shelving location Date acquired Full call number Accession Number Item type
    Lending WERC Library WERC Library Social Science Cupboard 03/31/2024 914.5 PAT 6724 Books in Stacks (Lending)

© WERC Library